000 00463nam a2200181Ia 4500
001 20441
005 20260306172806.0
008 260306t2014||||xx |||||||||||||| ||spa||
041 _aESP
082 _a343.21
_bC34A 2015
100 _aCastillo Córdova, Luis
_eAUT
245 0 _aLos precedentes vinculantes del Tribunal Constitucional
260 _c2014
300 _a701 páginas :
_c25 cm.
650 _aGEN
654 _aCDE
942 _cLIB
_dJUS
_fJUS
_2ddc
_n
999 _c20441
_d20441